[Event "Blitz 2018"]
[Site "Saint-Petersburg"]
[Date "2018.12.29"]
[Round "8"]
[Board "44"]
[White "Goganov Aleksey (RUS)"]
[Black "Melkumyan Hrant (ARM)"]
[Result "0-1"]
[LiveChessVersion "1.4.8"]
[BlackElo "2699"]
[WhiteElo "2539"]

1. Nf3 {[%clk 0:03:02]} c5 {[%clk 0:03:03]} 2. e3 {[%clk 0:03:03]} Nf6
{[%clk 0:03:01]} 3. b3 {[%clk 0:03:02]} g6 {[%clk 0:02:54]} 4. Bb2
{[%clk 0:03:03]} Bg7 {[%clk 0:02:55]} 5. c4 {[%clk 0:03:03]} O-O {[%clk 0:02:55]}
6. Be2 {[%clk 0:03:03]} Nc6 {[%clk 0:02:50]} 7. O-O {[%clk 0:03:03]} d6
{[%clk 0:02:45]} 8. Nc3 {[%clk 0:03:02]} e5 {[%clk 0:02:32]} 9. d3
{[%clk 0:02:48]} h6 {[%clk 0:02:33]} 10. Nd2 {[%clk 0:02:43]} Be6
{[%clk 0:02:30]} 11. Nde4 {[%clk 0:02:43]} Ne8 {[%clk 0:02:24]} 12. Nd5
{[%clk 0:02:41]} f5 {[%clk 0:02:24]} 13. Nec3 {[%clk 0:02:42]} Kh7
{[%clk 0:02:21]} 14. f4 {[%clk 0:02:36]} Qd7 {[%clk 0:02:16]} 15. Bf3
{[%clk 0:02:36]} Nf6 {[%clk 0:02:11]} 16. Qd2 {[%clk 0:02:36]} Rae8
{[%clk 0:02:11]} 17. Rae1 {[%clk 0:02:23]} Bg8 {[%clk 0:02:06]} 18. g3
{[%clk 0:02:22]} Nxd5 {[%clk 0:01:51]} 19. Nxd5 {[%clk 0:02:17]} Ne7
{[%clk 0:01:50]} 20. Nc3 {[%clk 0:01:51]} b6 {[%clk 0:01:40]} 21. Bg2
{[%clk 0:01:51]} d5 {[%clk 0:01:30]} 22. cxd5 {[%clk 0:01:39]} exf4
{[%clk 0:01:20]} 23. e4 {[%clk 0:01:11]} Bd4+ {[%clk 0:01:15]} 24. Kh1
{[%clk 0:01:12]} fxg3 {[%clk 0:01:14]} 25. Ne2 {[%clk 0:00:53]} Bxb2
{[%clk 0:01:12]} 26. Qxb2 {[%clk 0:00:53]} gxh2 {[%clk 0:01:12]} 27. Nf4
{[%clk 0:00:54]} Nc8 {[%clk 0:00:39]} 28. e5 {[%clk 0:00:45]} g5 {[%clk 0:00:40]}
29. e6 {[%clk 0:00:41]} Qe7 {[%clk 0:00:39]} 30. Nh5 {[%clk 0:00:39]} Nd6
{[%clk 0:00:39]} 31. Re3 {[%clk 0:00:27]} Rd8 {[%clk 0:00:41]} 32. Rh3
{[%clk 0:00:27]} Nb5 {[%clk 0:00:38]} 33. Qe5 {[%clk 0:00:25]} Nd4
{[%clk 0:00:37]} 34. Re1 {[%clk 0:00:14]} Rd6 {[%clk 0:00:32]} 35. Ng3
{[%clk 0:00:15]} Bxe6 {[%clk 0:00:30]} 36. Nxf5 {[%clk 0:00:07]} Rxf5
{[%clk 0:00:27]} 37. Qxh2 {[%clk 0:00:07]} Rf6 {[%clk 0:00:18]} 38. dxe6
{[%clk 0:00:07]} Rdxe6 {[%clk 0:00:19]} 39. Be4+ {[%clk 0:00:09]} Kg7
{[%clk 0:00:20]} 40. Rg1 {[%clk 0:00:09]} Rxe4 {[%clk 0:00:21]} 41. dxe4
{[%clk 0:00:10]} Qxe4+ {[%clk 0:00:21]} 42. Qg2 {[%clk 0:00:11]} Qxg2+
{[%clk 0:00:20]} 43. Kxg2 {[%clk 0:00:12]} Ne2 {[%clk 0:00:20]} 0-1

[Event "Blitz 2018"]
[Site "Saint-Petersburg"]
[Date "2018.12.29"]
[Round "8"]
[Board "45"]
[White "Huzman Alexander (ISR)"]
[Black "Ragger Markus (AUT)"]
[Result "1/2-1/2"]
[LiveChessVersion "1.4.8"]
[BlackElo "2677"]
[WhiteElo "2543"]

1. Nf3 {[%clk 0:03:03]} Nf6 {[%clk 0:03:03]} 2. c4 {[%clk 0:03:03]} g6
{[%clk 0:03:04]} 3. b3 {[%clk 0:03:03]} Bg7 {[%clk 0:03:03]} 4. Bb2
{[%clk 0:03:05]} c5 {[%clk 0:03:00]} 5. e3 {[%clk 0:02:58]} O-O {[%clk 0:02:59]}
6. Be2 {[%clk 0:03:00]} b6 {[%clk 0:02:55]} 7. O-O {[%clk 0:02:58]} Bb7
{[%clk 0:02:56]} 8. Na3 {[%clk 0:02:57]} e6 {[%clk 0:02:49]} 9. d4
{[%clk 0:02:51]} cxd4 {[%clk 0:02:49]} 10. Nxd4 {[%clk 0:02:51]} d5
{[%clk 0:02:47]} 11. Rc1 {[%clk 0:02:52]} Nbd7 {[%clk 0:02:35]} 12. Nab5
{[%clk 0:02:47]} Nc5 {[%clk 0:02:30]} 13. b4 {[%clk 0:02:33]} Nce4
{[%clk 0:02:31]} 14. c5 {[%clk 0:02:35]} bxc5 {[%clk 0:02:18]} 15. bxc5
{[%clk 0:02:36]} e5 {[%clk 0:01:49]} 16. c6 {[%clk 0:02:29]} exd4
{[%clk 0:01:48]} 17. cxb7 {[%clk 0:02:30]} Rb8 {[%clk 0:01:50]} 18. Bxd4
{[%clk 0:02:26]} Rxb7 {[%clk 0:01:49]} 19. Nxa7 {[%clk 0:02:15]} Qa5
{[%clk 0:01:47]} 20. Nc6 {[%clk 0:02:15]} Qxa2 {[%clk 0:01:42]} 21. Ra1
{[%clk 0:01:59]} Qd2 {[%clk 0:01:37]} 22. Bf3 {[%clk 0:01:40]} Qxd1
{[%clk 0:01:37]} 23. Rfxd1 {[%clk 0:01:33]} Ng5 {[%clk 0:01:34]} 24. Be2
{[%clk 0:01:18]} Ne6 {[%clk 0:01:35]} 25. Be5 {[%clk 0:01:12]} Ne4
{[%clk 0:01:24]} 26. Bxg7 {[%clk 0:01:04]} Kxg7 {[%clk 0:01:24]} 27. Bf3
{[%clk 0:01:05]} N6g5 {[%clk 0:01:06]} 28. Rxd5 {[%clk 0:00:55]} Nxf3+
{[%clk 0:01:07]} 29. gxf3 {[%clk 0:00:56]} Nf6 {[%clk 0:01:08]} 30. Rd2
{[%clk 0:00:55]} Rc8 {[%clk 0:01:08]} 31. Nd4 {[%clk 0:00:56]} h5
{[%clk 0:01:03]} 32. Kg2 {[%clk 0:00:57]} Rc5 {[%clk 0:01:02]} 33. h4
{[%clk 0:00:54]} Ng8 {[%clk 0:01:03]} 34. f4 {[%clk 0:00:46]} Ne7
{[%clk 0:01:04]} 35. Nf3 {[%clk 0:00:47]} Rd5 {[%clk 0:00:59]} 36. Rxd5
{[%clk 0:00:47]} Nxd5 {[%clk 0:01:00]} 37. Rd1 {[%clk 0:00:48]} Nf6
{[%clk 0:00:58]} 38. Ng5 {[%clk 0:00:46]} Nh7 {[%clk 0:00:59]} 39. Ne4
{[%clk 0:00:44]} Nf6 {[%clk 0:00:59]} 40. Ng5 {[%clk 0:00:42]} Nh7
{[%clk 0:01:00]} 41. Nf3 {[%clk 0:00:43]} Nf6 {[%clk 0:01:01]} 42. Rd6
{[%clk 0:00:41]} Rb2 {[%clk 0:01:00]} 43. Ng5 {[%clk 0:00:27]} Ng4
{[%clk 0:01:00]} 44. Rd7 {[%clk 0:00:27]} Rxf2+ {[%clk 0:00:43]} 45. Kg3
{[%clk 0:00:27]} Re2 {[%clk 0:00:44]} 46. Rxf7+ {[%clk 0:00:17]} 1/2-1/2

[Event "Blitz 2018"]
[Site "Saint-Petersburg"]
[Date "2018.12.29"]
[Round "8"]
[Board "46"]
[White "Esipenko Andrey (RUS)"]
[Black "Fridman Daniel (GER)"]
[Result "1/2-1/2"]
[LiveChessVersion "1.4.8"]
[BlackElo "2530"]
[WhiteElo "2673"]

1. d4 {[%clk 0:03:03]} d5 {[%clk 0:03:04]} 2. Nf3 {[%clk 0:03:03]} Nf6
{[%clk 0:03:05]} 3. Bf4 {[%clk 0:02:57]} c5 {[%clk 0:03:06]} 4. e3
{[%clk 0:02:52]} Nc6 {[%clk 0:03:07]} 5. dxc5 {[%clk 0:02:53]} e6
{[%clk 0:03:06]} 6. Nbd2 {[%clk 0:02:53]} Bxc5 {[%clk 0:03:06]} 7. a3
{[%clk 0:02:51]} O-O {[%clk 0:03:03]} 8. c4 {[%clk 0:02:46]} a5 {[%clk 0:02:56]}
9. Be2 {[%clk 0:02:41]} Re8 {[%clk 0:02:53]} 10. cxd5 {[%clk 0:02:31]} Nxd5
{[%clk 0:02:53]} 11. Bg3 {[%clk 0:02:27]} e5 {[%clk 0:02:45]} 12. Ne4
{[%clk 0:02:23]} Ba7 {[%clk 0:02:13]} 13. O-O {[%clk 0:02:21]} f6
{[%clk 0:02:13]} 14. Rc1 {[%clk 0:02:19]} Be6 {[%clk 0:02:13]} 15. Bb5
{[%clk 0:02:11]} Rc8 {[%clk 0:02:09]} 16. Qe2 {[%clk 0:02:10]} Qe7
{[%clk 0:02:02]} 17. Rfd1 {[%clk 0:02:10]} Bb6 {[%clk 0:01:55]} 18. Ned2
{[%clk 0:02:06]} Red8 {[%clk 0:01:39]} 19. e4 {[%clk 0:01:44]} Nc7
{[%clk 0:01:37]} 20. Bxc6 {[%clk 0:01:30]} bxc6 {[%clk 0:01:37]} 21. Nc4
{[%clk 0:01:31]} Rxd1+ {[%clk 0:01:27]} 22. Rxd1 {[%clk 0:01:29]} Qc5
{[%clk 0:01:24]} 23. Nxb6 {[%clk 0:01:21]} Qxb6 {[%clk 0:01:25]} 24. h4
{[%clk 0:01:19]} Rb8 {[%clk 0:01:22]} 25. Rd2 {[%clk 0:01:18]} c5
{[%clk 0:01:21]} 26. h5 {[%clk 0:01:11]} Nb5 {[%clk 0:01:22]} 27. h6
{[%clk 0:00:57]} g6 {[%clk 0:01:23]} 28. Bh4 {[%clk 0:00:53]} Rf8
{[%clk 0:01:03]} 29. Qe3 {[%clk 0:00:41]} Nd4 {[%clk 0:01:03]} 30. Qc3
{[%clk 0:00:39]} g5 {[%clk 0:00:59]} 31. Bg3 {[%clk 0:00:35]} Qb5
{[%clk 0:01:00]} 32. Qe3 {[%clk 0:00:30]} Qb3 {[%clk 0:00:45]} 33. Rd3
{[%clk 0:00:29]} Nxf3+ {[%clk 0:00:43]} 34. gxf3 {[%clk 0:00:30]} Qxb2
{[%clk 0:00:38]} 35. Rd6 {[%clk 0:00:31]} Qb1+ {[%clk 0:00:21]} 36. Kh2
{[%clk 0:00:28]} Re8 {[%clk 0:00:21]} 37. Qxc5 {[%clk 0:00:27]} Qf1
{[%clk 0:00:20]} 38. Rxe6 {[%clk 0:00:27]} Rxe6 {[%clk 0:00:21]} 39. Qc8+
{[%clk 0:00:29]} Kf7 {[%clk 0:00:23]} 40. Qh8 {[%clk 0:00:29]} Rc6
{[%clk 0:00:20]} 41. Qxh7+ {[%clk 0:00:29]} Ke6 {[%clk 0:00:21]} 42. Qg8+
{[%clk 0:00:30]} Ke7 {[%clk 0:00:21]} 43. Qg7+ {[%clk 0:00:24]} Ke6
{[%clk 0:00:23]} 44. Qg8+ {[%clk 0:00:25]} Ke7 {[%clk 0:00:24]} 45. Qh7+
{[%clk 0:00:24]} Ke6 {[%clk 0:00:25]} 46. Qg8+ {[%clk 0:00:14]} Ke7
{[%clk 0:00:27]} 1/2-1/2

[Event "Blitz 2018"]
[Site "Saint-Petersburg"]
[Date "2018.12.29"]
[Round "8"]
[Board "47"]
[White "Miton Kamil (POL)"]
[Black "Sargissian Gabriel (ARM)"]
[Result "1/2-1/2"]
[LiveChessVersion "1.4.8"]
[BlackElo "2651"]
[WhiteElo "2520"]

1. d4 {[%clk 0:03:02]} Nf6 {[%clk 0:03:03]} 2. c4 {[%clk 0:03:02]} e6
{[%clk 0:03:03]} 3. g3 {[%clk 0:03:03]} d5 {[%clk 0:03:04]} 4. Bg2
{[%clk 0:03:03]} Bb4+ {[%clk 0:03:05]} 5. Nd2 {[%clk 0:03:03]} O-O
{[%clk 0:03:04]} 6. a3 {[%clk 0:03:03]} Be7 {[%clk 0:03:03]} 7. Ngf3
{[%clk 0:03:03]} b6 {[%clk 0:03:04]} 8. O-O {[%clk 0:02:58]} Bb7 {[%clk 0:03:05]}
9. cxd5 {[%clk 0:02:56]} exd5 {[%clk 0:03:05]} 10. b4 {[%clk 0:02:52]} Nbd7
{[%clk 0:03:03]} 11. Ne5 {[%clk 0:02:44]} c6 {[%clk 0:02:35]} 12. Ndf3
{[%clk 0:02:40]} Ne4 {[%clk 0:02:27]} 13. Qc2 {[%clk 0:02:31]} Rc8
{[%clk 0:02:12]} 14. Bh3 {[%clk 0:02:25]} f5 {[%clk 0:01:41]} 15. Bb2
{[%clk 0:02:19]} Nd6 {[%clk 0:01:33]} 16. Rac1 {[%clk 0:02:06]} Qe8
{[%clk 0:01:19]} 17. Nxd7 {[%clk 0:01:59]} Qxd7 {[%clk 0:01:20]} 18. Ne5
{[%clk 0:01:59]} Qe8 {[%clk 0:01:18]} 19. Qb3 {[%clk 0:01:45]} b5
{[%clk 0:01:06]} 20. Rc2 {[%clk 0:01:17]} Nc4 {[%clk 0:01:06]} 21. Bc1
{[%clk 0:01:13]} Bd6 {[%clk 0:01:02]} 22. Nd3 {[%clk 0:01:11]} a5
{[%clk 0:00:59]} 23. Bf4 {[%clk 0:01:04]} a4 {[%clk 0:01:00]} 24. Qc3
{[%clk 0:01:05]} Rd8 {[%clk 0:00:41]} 25. Bxd6 {[%clk 0:00:51]} Rxd6
{[%clk 0:00:42]} 26. Bg2 {[%clk 0:00:52]} Bc8 {[%clk 0:00:42]} 27. e3
{[%clk 0:00:44]} Rh6 {[%clk 0:00:37]} 28. h4 {[%clk 0:00:34]} Bd7
{[%clk 0:00:32]} 29. Qa1 {[%clk 0:00:28]} Qe7 {[%clk 0:00:31]} 30. Nf4
{[%clk 0:00:18]} Be8 {[%clk 0:00:30]} 31. Qc1 {[%clk 0:00:19]} Bf7
{[%clk 0:00:28]} 32. Bf3 {[%clk 0:00:19]} Rd6 {[%clk 0:00:26]} 33. Kg2
{[%clk 0:00:18]} g6 {[%clk 0:00:27]} 34. Rh1 {[%clk 0:00:17]} h6 {[%clk 0:00:28]}
35. Nd3 {[%clk 0:00:13]} Kg7 {[%clk 0:00:25]} 36. Re2 {[%clk 0:00:12]} g5
{[%clk 0:00:23]} 37. hxg5 {[%clk 0:00:11]} hxg5 {[%clk 0:00:24]} 38. Ree1
{[%clk 0:00:12]} Rh8 {[%clk 0:00:16]} 39. Rxh8 {[%clk 0:00:12]} Kxh8
{[%clk 0:00:18]} 40. Rh1+ {[%clk 0:00:13]} Kg7 {[%clk 0:00:19]} 41. Qg1
{[%clk 0:00:13]} Rh6 {[%clk 0:00:17]} 42. Rxh6 {[%clk 0:00:13]} Kxh6
{[%clk 0:00:18]} 43. Qc1 {[%clk 0:00:12]} Bg6 {[%clk 0:00:14]} 44. Ne5
{[%clk 0:00:10]} Qd6 {[%clk 0:00:09]} 45. Qc3 {[%clk 0:00:10]} Kg7
{[%clk 0:00:09]} 46. Be2 {[%clk 0:00:09]} Kf6 {[%clk 0:00:09]} 47. Bxc4
{[%clk 0:00:09]} dxc4 {[%clk 0:00:08]} 48. f3 {[%clk 0:00:09]} Qd5
{[%clk 0:00:09]} 49. g4 {[%clk 0:00:07]} Kg7 {[%clk 0:00:06]} 50. gxf5
{[%clk 0:00:07]} Bxf5 {[%clk 0:00:06]} 51. e4 {[%clk 0:00:07]} Bxe4
{[%clk 0:00:08]} 52. fxe4 {[%clk 0:00:08]} Qxe4+ {[%clk 0:00:09]} 53. Qf3
{[%clk 0:00:07]} Qd5 {[%clk 0:00:05]} 54. Qxd5 {[%clk 0:00:06]} cxd5
{[%clk 0:00:06]} 55. Kg3 {[%clk 0:00:06]} Kf6 {[%clk 0:00:07]} 56. Kg4
{[%clk 0:00:07]} c3 {[%clk 0:00:08]} 57. Nd3 {[%clk 0:00:08]} c2 {[%clk 0:00:09]}
58. Nc1 Kg6 59. Nd3 {[%clk 0:00:05]} Kf6 {[%clk 0:00:12]} 60. Nc1
{[%clk 0:00:05]} Kg6 {[%clk 0:00:14]} 61. Ne2 {[%clk 0:00:06]} Kf6
{[%clk 0:00:15]} 62. Nc1 {[%clk 0:00:06]} 1/2-1/2

[Event "Blitz 2018"]
[Site "Saint-Petersburg"]
[Date "2018.12.29"]
[Round "8"]
[Board "48"]
[White "Bindrich Falko (GER)"]
[Black "Reshetnikov Alexey (RUS)"]
[Result "1/2-1/2"]
[LiveChessVersion "1.4.8"]
[BlackElo "2473"]
[WhiteElo "2639"]

1. d4 {[%clk 0:03:03]} d5 {[%clk 0:03:04]} 2. c4 {[%clk 0:03:04]} c6
{[%clk 0:03:05]} 3. Nc3 {[%clk 0:03:05]} Nf6 {[%clk 0:03:06]} 4. e3
{[%clk 0:03:06]} a6 {[%clk 0:03:03]} 5. Nf3 {[%clk 0:03:06]} b5 {[%clk 0:02:55]}
6. b3 {[%clk 0:03:06]} Bg4 {[%clk 0:02:55]} 7. Be2 {[%clk 0:03:05]} e6
{[%clk 0:02:56]} 8. O-O {[%clk 0:03:04]} Nbd7 {[%clk 0:02:49]} 9. Bb2
{[%clk 0:03:04]} Be7 {[%clk 0:02:22]} 10. Ne5 {[%clk 0:02:49]} Bxe2
{[%clk 0:02:22]} 11. Nxe2 {[%clk 0:02:48]} Nxe5 {[%clk 0:02:01]} 12. dxe5
{[%clk 0:02:49]} Nd7 {[%clk 0:02:02]} 13. Nd4 {[%clk 0:02:47]} Rc8
{[%clk 0:01:59]} 14. cxd5 {[%clk 0:02:47]} cxd5 {[%clk 0:01:58]} 15. Rc1
{[%clk 0:02:47]} Bc5 {[%clk 0:01:51]} 16. b4 {[%clk 0:01:39]} Bxd4
{[%clk 0:01:18]} 17. Qxd4 {[%clk 0:01:20]} O-O {[%clk 0:01:09]} 18. Qa7
{[%clk 0:01:13]} Rc4 {[%clk 0:00:38]} 19. Qxa6 {[%clk 0:01:06]} Qb6
{[%clk 0:00:34]} 20. Qxb6 {[%clk 0:00:55]} Nxb6 {[%clk 0:00:35]} 21. Bd4
{[%clk 0:00:55]} Rxc1 {[%clk 0:00:35]} 22. Rxc1 Nc4 23. a4 {[%clk 0:00:25]} bxa4
{[%clk 0:00:37]} 24. Ra1 {[%clk 0:00:24]} a3 {[%clk 0:00:35]} 25. b5
{[%clk 0:00:23]} Rb8 {[%clk 0:00:35]} 26. b6 {[%clk 0:00:24]} Nxb6
{[%clk 0:00:29]} 27. Rxa3 {[%clk 0:00:25]} Nc4 {[%clk 0:00:30]} 28. Ra1
{[%clk 0:00:26]} h6 {[%clk 0:00:26]} 29. g4 {[%clk 0:00:27]} g5 {[%clk 0:00:23]}
30. Kg2 {[%clk 0:00:28]} Kg7 {[%clk 0:00:24]} 31. Kg3 {[%clk 0:00:24]} Kg6
{[%clk 0:00:24]} 32. h4 {[%clk 0:00:25]} h5 {[%clk 0:00:21]} 33. hxg5
{[%clk 0:00:21]} Kxg5 {[%clk 0:00:22]} 34. gxh5 {[%clk 0:00:19]} Kxh5
{[%clk 0:00:24]} 35. Kf4 {[%clk 0:00:20]} Rg8 {[%clk 0:00:06]} 36. Rh1+
{[%clk 0:00:15]} Kg6 {[%clk 0:00:07]} 37. f3 {[%clk 0:00:11]} Ra8
{[%clk 0:00:08]} 38. Rg1+ {[%clk 0:00:12]} Kh7 {[%clk 0:00:09]} 39. Rh1+
{[%clk 0:00:12]} Kg6 {[%clk 0:00:11]} 40. Rg1+ {[%clk 0:00:12]} Kh7
{[%clk 0:00:12]} 41. Bc5 {[%clk 0:00:13]} Ra4 {[%clk 0:00:13]} 42. Bd4
{[%clk 0:00:13]} Nd2 {[%clk 0:00:13]} 43. Rh1+ {[%clk 0:00:11]} Kg8
{[%clk 0:00:15]} 44. Rg1+ {[%clk 0:00:12]} Kf8 {[%clk 0:00:16]} 45. Kg3
{[%clk 0:00:08]} Nb3 {[%clk 0:00:16]} 46. Bc3 {[%clk 0:00:09]} Rc4
{[%clk 0:00:17]} 47. Be1 {[%clk 0:00:07]} Nc5 {[%clk 0:00:18]} 48. Rg2
{[%clk 0:00:05]} Nd3 {[%clk 0:00:19]} 49. Bd2 {[%clk 0:00:06]} Nxe5
{[%clk 0:00:21]} 50. Rh2 {[%clk 0:00:07]} Ng6 {[%clk 0:00:21]} 51. Kf2
{[%clk 0:00:07]} Rc2 {[%clk 0:00:22]} 52. Ke2 {[%clk 0:00:08]} Ra2
{[%clk 0:00:23]} 53. Kd3 {[%clk 0:00:09]} Ke8 {[%clk 0:00:24]} 54. Rh5
{[%clk 0:00:09]} Ra3+ {[%clk 0:00:25]} 55. Ke2 {[%clk 0:00:10]} Ra2
{[%clk 0:00:27]} 56. Kd3 {[%clk 0:00:12]} Ra3+ {[%clk 0:00:28]} 57. Ke2 Ra4 58.
Kd3 {[%clk 0:00:13]} Ne7 {[%clk 0:00:31]} 59. Rh8+ {[%clk 0:00:14]} Kd7
{[%clk 0:00:31]} 60. Rh7 {[%clk 0:00:16]} Ra3+ {[%clk 0:00:31]} 61. Ke2
{[%clk 0:00:17]} Ke8 {[%clk 0:00:30]} 62. Rh8+ {[%clk 0:00:18]} Kd7
{[%clk 0:00:27]} 63. Rh7 {[%clk 0:00:20]} Nc6 {[%clk 0:00:21]} 64. Rxf7+ Kd6 65.
Rb7 {[%clk 0:00:19]} Ra2 {[%clk 0:00:24]} 66. f4 {[%clk 0:00:14]} Ne7
{[%clk 0:00:19]} 67. Kd3 {[%clk 0:00:12]} Nc6 {[%clk 0:00:20]} 68. Rb3
{[%clk 0:00:12]} Ra4 {[%clk 0:00:20]} 69. Bc3 {[%clk 0:00:13]} Rc4
{[%clk 0:00:20]} 70. Ra3 {[%clk 0:00:14]} Re4 {[%clk 0:00:21]} 71. Ra6
{[%clk 0:00:14]} Kd7 {[%clk 0:00:22]} 72. Ra3 {[%clk 0:00:15]} Rc4
{[%clk 0:00:22]} 73. Ra6 {[%clk 0:00:16]} Rc5 {[%clk 0:00:22]} 74. Ra3
{[%clk 0:00:17]} Rb5 {[%clk 0:00:23]} 75. e4 {[%clk 0:00:15]} dxe4+
{[%clk 0:00:23]} 76. Kxe4 {[%clk 0:00:16]} Rh5 {[%clk 0:00:23]} 77. Ra1
{[%clk 0:00:16]} Ke7 {[%clk 0:00:24]} 78. Rg1 {[%clk 0:00:17]} Kd6
{[%clk 0:00:24]} 79. Bb2 {[%clk 0:00:18]} Ra5 {[%clk 0:00:24]} 80. Rd1+
{[%clk 0:00:17]} Ke7 {[%clk 0:00:26]} 81. Rd3 {[%clk 0:00:16]} Ra4+
{[%clk 0:00:27]} 82. Ke3 {[%clk 0:00:17]} Ra2 {[%clk 0:00:24]} 83. Ba3+
{[%clk 0:00:18]} Kf6 {[%clk 0:00:25]} 84. Bc5 {[%clk 0:00:15]} Rh2
{[%clk 0:00:24]} 85. Rd6 {[%clk 0:00:15]} Rh3+ {[%clk 0:00:24]} 86. Ke4
{[%clk 0:00:17]} Ne7 {[%clk 0:00:23]} 87. Bd4+ {[%clk 0:00:15]} Kf7
{[%clk 0:00:24]} 88. Rd7 {[%clk 0:00:15]} Rh5 {[%clk 0:00:24]} 89. Be5
{[%clk 0:00:15]} Ke8 {[%clk 0:00:23]} 90. Rd6 {[%clk 0:00:16]} Kf7
{[%clk 0:00:25]} 91. Rd7 {[%clk 0:00:17]} Ke8 {[%clk 0:00:26]} 92. Ra7
{[%clk 0:00:16]} Nc6 {[%clk 0:00:25]} 93. Ra8+ {[%clk 0:00:17]} Kd7
{[%clk 0:00:27]} 94. Bc3 {[%clk 0:00:16]} Rc5 {[%clk 0:00:27]} 95. Bd2
{[%clk 0:00:15]} Rc4+ {[%clk 0:00:28]} 96. Kd3 {[%clk 0:00:16]} Rd4+
{[%clk 0:00:29]} 97. Ke3 {[%clk 0:00:18]} Rc4 {[%clk 0:00:30]} 98. Rh8
{[%clk 0:00:18]} Ra4 {[%clk 0:00:31]} 99. Bc3 {[%clk 0:00:18]} Ra3
{[%clk 0:00:33]} 100. Kd3 {[%clk 0:00:20]} Nb4+ {[%clk 0:00:34]} 101. Kc4
{[%clk 0:00:19]} Nd5 {[%clk 0:00:35]} 102. Be5 {[%clk 0:00:19]} Ra4+
{[%clk 0:00:31]} 103. Kc5 {[%clk 0:00:19]} Ra5+ {[%clk 0:00:33]} 104. Kc4
{[%clk 0:00:19]} Nxf4 {[%clk 0:00:19]} 105. Bxf4 {[%clk 0:00:15]} Ra4+
{[%clk 0:00:20]} 106. Kc5 {[%clk 0:00:16]} Rxf4 {[%clk 0:00:21]} 107. Rh7+
{[%clk 0:00:18]} Ke8 {[%clk 0:00:22]} 108. Kd6 {[%clk 0:00:19]} Re4
{[%clk 0:00:16]} 109. Re7+ {[%clk 0:00:20]} Kf8 1/2-1/2

[Event "Blitz 2018"]
[Site "Saint-Petersburg"]
[Date "2018.12.29"]
[Round "8"]
[Board "50"]
[White "Rakhmanov Aleksandr (RUS)"]
[Black "Salgado Lopez Ivan (ESP)"]
[Result "1/2-1/2"]
[LiveChessVersion "1.4.8"]
[BlackElo "2513"]
[WhiteElo "2615"]

1. c4 {[%clk 0:03:03]} b6 {[%clk 0:03:03]} 2. Nc3 {[%clk 0:03:04]} Bb7
{[%clk 0:03:04]} 3. Nf3 {[%clk 0:03:05]} c5 {[%clk 0:03:05]} 4. g3
{[%clk 0:03:06]} Bxf3 {[%clk 0:03:05]} 5. exf3 {[%clk 0:03:07]} Nc6
{[%clk 0:03:06]} 6. Bg2 {[%clk 0:03:02]} g6 {[%clk 0:03:07]} 7. f4
{[%clk 0:03:01]} Bg7 {[%clk 0:03:08]} 8. O-O {[%clk 0:02:59]} Nh6
{[%clk 0:03:09]} 9. d3 {[%clk 0:02:53]} Nf5 {[%clk 0:03:09]} 10. Re1
{[%clk 0:02:51]} O-O {[%clk 0:03:07]} 11. Qd2 {[%clk 0:02:44]} Rb8
{[%clk 0:03:06]} 12. b3 {[%clk 0:02:44]} a6 {[%clk 0:02:56]} 13. Bb2
{[%clk 0:02:45]} Ncd4 {[%clk 0:02:57]} 14. Rad1 {[%clk 0:02:38]} d6
{[%clk 0:02:58]} 15. Ba1 {[%clk 0:02:18]} e6 {[%clk 0:02:55]} 16. h3
{[%clk 0:02:18]} b5 {[%clk 0:02:49]} 17. Kh2 {[%clk 0:02:17]} Re8
{[%clk 0:02:48]} 18. Ne4 {[%clk 0:02:10]} Rc8 {[%clk 0:02:45]} 19. Bb2
{[%clk 0:01:59]} Nc6 {[%clk 0:02:39]} 20. Bc1 {[%clk 0:01:55]} Ncd4
{[%clk 0:02:39]} 21. Bb2 {[%clk 0:01:56]} Nc6 {[%clk 0:02:37]} 22. Bc1
{[%clk 0:01:58]} Ncd4 {[%clk 0:02:39]} 1/2-1/2

[Event "Blitz 2018"]
[Site "Saint-Petersburg"]
[Date "2018.12.29"]
[Round "8"]
[Board "51"]
[White "Antipov Mikhail Al. (RUS)"]
[Black "Bilguun Sumiya (MGL)"]
[Result "1-0"]
[LiveChessVersion "1.4.8"]
[BlackElo "2469"]
[WhiteElo "2604"]

1. e4 {[%clk 0:03:03]} c5 {[%clk 0:03:03]} 2. Nf3 {[%clk 0:03:04]} e6 3. b3 d6
{[%clk 0:02:56]} 4. Bb2 {[%clk 0:03:06]} Nf6 {[%clk 0:02:56]} 5. e5
{[%clk 0:03:07]} dxe5 {[%clk 0:02:56]} 6. Nxe5 {[%clk 0:03:08]} a6
{[%clk 0:02:55]} 7. f4 {[%clk 0:03:02]} Nbd7 {[%clk 0:02:52]} 8. Qf3
{[%clk 0:03:00]} Qc7 {[%clk 0:02:44]} 9. Na3 {[%clk 0:02:37]} Be7
{[%clk 0:02:15]} 10. Nac4 {[%clk 0:02:35]} Nb6 {[%clk 0:02:09]} 11. Bd3
{[%clk 0:02:31]} Nxc4 {[%clk 0:02:02]} 12. bxc4 {[%clk 0:02:31]} Bd6
{[%clk 0:01:51]} 13. Qg3 {[%clk 0:02:01]} Rg8 {[%clk 0:01:40]} 14. O-O
{[%clk 0:01:46]} Nh5 {[%clk 0:01:16]} 15. Qf3 {[%clk 0:01:25]} g6
{[%clk 0:01:14]} 16. a4 {[%clk 0:01:22]} Bd7 {[%clk 0:01:04]} 17. a5
{[%clk 0:01:20]} f5 {[%clk 0:00:49]} 18. Bc3 {[%clk 0:01:13]} O-O-O
{[%clk 0:00:37]} 19. Rab1 {[%clk 0:01:14]} Bc6 {[%clk 0:00:25]} 20. Nxc6
{[%clk 0:01:13]} Qxc6 {[%clk 0:00:26]} 21. Qe3 {[%clk 0:00:47]} Rge8
{[%clk 0:00:23]} 22. Rb6 {[%clk 0:00:39]} Qc7 {[%clk 0:00:22]} 23. Rfb1
{[%clk 0:00:35]} Bxf4 {[%clk 0:00:21]} 24. Qf3 {[%clk 0:00:28]} Bxh2+
{[%clk 0:00:12]} 25. Kh1 {[%clk 0:00:26]} Ng3+ {[%clk 0:00:03]} 26. Kxh2
{[%clk 0:00:27]} Ne4+ {[%clk 0:00:04]} 27. Kg1 {[%clk 0:00:25]} Nxc3
{[%clk 0:00:03]} 28. dxc3 {[%clk 0:00:24]} e5 {[%clk 0:00:04]} 29. Rxb7
{[%clk 0:00:24]} Qd6 {[%clk 0:00:05]} 30. R7b6 {[%clk 0:00:08]} e4
{[%clk 0:00:05]} 31. Rxd6 {[%clk 0:00:08]} exf3 {[%clk 0:00:06]} 32. Rxd8+
{[%clk 0:00:09]} Rxd8 {[%clk 0:00:06]} 33. gxf3 {[%clk 0:00:10]} Kc7
{[%clk 0:00:07]} 34. Kf2 {[%clk 0:00:08]} Rd6 {[%clk 0:00:07]} 35. Rh1
{[%clk 0:00:07]} Rd7 {[%clk 0:00:08]} 36. Ke3 {[%clk 0:00:06]} Kd6
{[%clk 0:00:08]} 37. Kf4 {[%clk 0:00:07]} Rb7 {[%clk 0:00:04]} 38. Kg5
{[%clk 0:00:08]} 1-0